International Journal of Control Theory and Applications (Record no. 5729)

MARC details
000 -LEADER
fixed length control field 00318nam a22001217a 4500
005 - DATE AND TIME OF LATEST TRANSACTION
control field 20180828183933.0
008 - FIXED-LENGTH DATA ELEMENTS--GENERAL INFORMATION
fixed length control field 180828b xxu||||| |||| 00| 0 eng d
022 ## - INTERNATIONAL STANDARD SERIAL NUMBER
ISSN 0974-5572
245 ## - TITLE STATEMENT
Title International Journal of Control Theory and Applications
260 ## - PUBLICATION, DISTRIBUTION, ETC. (IMPRINT)
Place of publication Haryana
Name of publisher Serial Publication
300 ## - PHYSICAL DESCRIPTION
Number of Pages p57
942 ## - ADDED ENTRY ELEMENTS (KOHA)
Koha item type Journals/Serial
Holdings
Lost status Damaged status Home library Current library Shelving location Date acquired Source of acquisition Cost, normal purchase price Accession Number Koha item type
    JRU Library   Periodicals Section 28/08/2018 Purchase 3000.00 IJCTA0001 Journals/Serial
    JRU Library   Periodicals Section 09/03/2019 Purchase   IJCTA0002 Journals/Serial